<?xml version="1.0" encoding="UTF-8"?>
<record
    xmlns:xsi="http://www.w3.org/2001/XMLSchema-instance"
    xsi:schemaLocation="http://www.loc.gov/MARC21/slim http://www.loc.gov/standards/marcxml/schema/MARC21slim.xsd"
    xmlns="http://www.loc.gov/MARC21/slim">

  <leader>00524nam a22001097a 4500</leader>
  <controlfield tag="008">110607t        xxu||||| |||| 00| 0 eng d</controlfield>
  <datafield tag="010" ind1=" " ind2=" ">
    <subfield code="a">SCCAF:8</subfield>
  </datafield>
  <datafield tag="245" ind1=" " ind2=" ">
    <subfield code="a">SUPREME COURT CIVIL APPEAL NO.17 Of 2002 1. Fr.Narsensio Begumisa 2. B.Ntimba 3. D Komunda 4. E Kamonda Vs Eric Tibebaga</subfield>
  </datafield>
  <datafield tag="260" ind1=" " ind2=" ">
    <subfield code="c">2002</subfield>
  </datafield>
  <datafield tag="500" ind1=" " ind2=" ">
    <subfield code="a">Coram: Oder, Tsekooko, Karikora, Mulenga &amp; Kato JJ.S.C</subfield>
  </datafield>
  <datafield tag="500" ind1=" " ind2=" ">
    <subfield code="a">Appeal from the judgment  of the court of appeal (Mpagi-Bahigeine, Berko and Engwau JJ.A.) at kampala, in civil Appeal No.47/2000, dated 2 july 2002</subfield>
  </datafield>
  <datafield tag="999" ind1=" " ind2=" ">
    <subfield code="c">2395</subfield>
    <subfield code="d">2395</subfield>
  </datafield>
  <datafield tag="952" ind1=" " ind2=" ">
    <subfield code="0">0</subfield>
    <subfield code="1">0</subfield>
    <subfield code="2">ddc</subfield>
    <subfield code="4">0</subfield>
    <subfield code="6">SCCAF_8B</subfield>
    <subfield code="7">0</subfield>
    <subfield code="9">3213</subfield>
    <subfield code="a">MAIN</subfield>
    <subfield code="b">MAIN</subfield>
    <subfield code="c">LRP</subfield>
    <subfield code="d">2011-06-07</subfield>
    <subfield code="l">0</subfield>
    <subfield code="o">SCCAF:8b</subfield>
    <subfield code="p">17/2002/1</subfield>
    <subfield code="r">2011-06-07 00:00:00</subfield>
    <subfield code="w">2011-06-07</subfield>
    <subfield code="y">URC</subfield>
  </datafield>
  <datafield tag="952" ind1=" " ind2=" ">
    <subfield code="0">0</subfield>
    <subfield code="1">0</subfield>
    <subfield code="2">ddc</subfield>
    <subfield code="4">0</subfield>
    <subfield code="6">SCCAF_8B</subfield>
    <subfield code="7">0</subfield>
    <subfield code="9">3214</subfield>
    <subfield code="a">MAIN</subfield>
    <subfield code="b">MAIN</subfield>
    <subfield code="c">LRP</subfield>
    <subfield code="d">2011-06-07</subfield>
    <subfield code="l">0</subfield>
    <subfield code="o">SCCAF:8b</subfield>
    <subfield code="p">17/2002/2</subfield>
    <subfield code="r">2011-06-07 00:00:00</subfield>
    <subfield code="w">2011-06-07</subfield>
    <subfield code="y">URC</subfield>
  </datafield>
  <datafield tag="952" ind1=" " ind2=" ">
    <subfield code="0">0</subfield>
    <subfield code="1">0</subfield>
    <subfield code="2">ddc</subfield>
    <subfield code="4">0</subfield>
    <subfield code="6">SCCAF_8B</subfield>
    <subfield code="7">0</subfield>
    <subfield code="9">11898</subfield>
    <subfield code="a">MAIN</subfield>
    <subfield code="b">MAIN</subfield>
    <subfield code="c">REF</subfield>
    <subfield code="d">2015-06-12</subfield>
    <subfield code="l">0</subfield>
    <subfield code="o">SCCAF:8B</subfield>
    <subfield code="p">0323/2015</subfield>
    <subfield code="r">2015-06-12 00:00:00</subfield>
    <subfield code="w">2015-06-12</subfield>
    <subfield code="y">URC</subfield>
  </datafield>
</record>
